UM Logo

The revised penal code book II : (Record no. 10835)

MARC details
000 -LEADER
fixed length control field 00591nam a22001697a 4500
008 - FIXED-LENGTH DATA ELEMENTS--GENERAL INFORMATION
fixed length control field 180922b ||||| |||| 00| 0 eng d
020 ## - INTERNATIONAL STANDARD BOOK NUMBER
International Standard Book Number 978-971-9617-93-8
082 ## - DEWEY DECIMAL CLASSIFICATION NUMBER
Edition number 2016
Classification number DFil 345.599
Item number T82
100 ## - MAIN ENTRY--PERSONAL NAME
Personal name Tulalian, Victor T.
9 (RLIN) 30610
245 ## - TITLE STATEMENT
Title The revised penal code book II :
Remainder of title specific crimes and their elements /
Statement of responsibility, etc. Victor T. Tulalian.
260 ## - PUBLICATION, DISTRIBUTION, ETC. (IMPRINT)
Place of publication, distribution, etc. Quezon City :
Name of publisher, distributor, etc. Wiseman's Books Trading, Inc.,
Date of publication, distribution, etc. ©2016.
300 ## - PHYSICAL DESCRIPTION
Extent viii, 218 pages ;
Dimensions 23 cm.
500 ## - GENERAL NOTE
General note Includes appendix.
650 ## - SUBJECT ADDED ENTRY--TOPICAL TERM
Topical term or geographic name as entry element Criminal law -- Philippines
9 (RLIN) 31519
365 ## - TRADE PRICE
Price amount 795.00
Currency code Php.
942 ## - ADDED ENTRY ELEMENTS (KOHA)
Source of classification or shelving scheme Dewey Decimal Classification
Koha item type Filipiniana
Holdings
Withdrawn status Lost status Source of classification or shelving scheme Damaged status Not for loan Collection code Home library Current library Shelving location Date acquired Source of acquisition Cost, normal purchase price Total Checkouts Full call number Barcode Date last seen Date last checked out Copy number Price effective from Koha item type Cost, replacement price
    Dewey Decimal Classification     Filipiniana UM Digos College - LIC UM Digos College - LIC Book Cart 08/16/2018 Purchased 795.00 7 DFil 345.599 T82 2016 25084 05/15/2025 03/10/2020 1 09/22/2018 Filipiniana  
    Dewey Decimal Classification     Filipiniana UM Digos College - LIC UM Digos College - LIC Book Cart 02/16/2021 Purchased   3 DFil 345.599 T82 2016 26096 05/15/2025 10/18/2024 2 04/19/2021 Filipiniana 800.00